01104nam a2200253 i 450000100060000000300090000600500170001500700030003200800410003508000280007608000390010410000300014324501570017326001230033030000300045349000390048350400300052260000670055270000390061970000330065871000450069183000410073685200730077766824ES-MaACL20251002201618.0t|040405s2003 sp ||||1| spa d a929 Hernández, Miguel a821.134.2 Hernández, Miguel 1.071 aPérez Alvarez, Ramón.10aHacia Miguel Hernández / cRamón Pérez Alvarez ; edición y prólogo Aitor L. Larrabide y José Luis Zerón Huguet ; epílogo César Moreno. aOrihuela (Alicante) : bAsociación Cultural Ediciones Empireuma :bFundación Cultural Miguel Hernández, c[2003] a131 p. : bil. ; c25 cm.1 aBiblioteca hernandiana. Documentos aBibliografía: p. 14-16.14aHernández, Miguel,d1910-1942-xCrítica e interpretación1 aLarrabide Achútegui, Aitor Luis.1 aZerón Huguet, José Luis.2 aFundación Cultural Miguel Hernández.1 aBiblioteca hernandiana. aDocumentos4 aES-MaACLjL-27288 z- Dedicatoria autógrafa de Aitor L. Larrabide